000 00751cam a2200229 a 4500
999 _c57270
_d57270
001 16503429
005 20221114151511.0
008 101015s2011 nyua b 001 0 eng
020 _a9780393707007x
041 _aeng
060 1 0 _aWL 330
080 _a159.91+612.821 P-85
100 1 _aPorges, Stephen W.
_96573
245 1 4 _aThe polyvagal theory :
_bneurophysiological foundations of emotions, attachment, communication, and self-regulation /
_cStephen W. Porges.
250 _a1st ed.
264 _aNew York :
_bW. W. Norton,
_c2011.
300 _a347 p. :
_bill. ;
_c25 cm.
653 _aფსიქოფიზიოლოგია
653 _aფსიქოლოგია
653 _aმედიცინა
942 _2udc
_cBK